Регионална библиотека "Любен Каравелов" - Русе

Финансови критерии и техники за оптимизация на инвестиционния избор при инвестиции в реални активи (Запис номер 96295)

MARC детайли
000 -Лидер
Контролно поле с фиксирана дължина 01537nam a2200337 c 4500
003 - Код на организацията, давaща контролен номер
Контролно поле BLK
005 - Дата и час на последна редакция
Контролно поле 20180420225717.0
008 - Елементи от данни с фиксирана дължина
fixed length control field 180409b bul|||||r ||||||| ||bul||
010 ## - Наследен системен номер
LC control number KNG00101188000
020 ## - Международен стандартен номер на книга ISBN
Международен стандартен номер на книга ISBN 954-9574-78-4
-- издат.: Тракия-М
040 ## - Източник на каталожния запис
Идентификатор на билиотеката - собственик на записа BLK
041 ## - Код за език
Код за езика на текст/звукозапис или на отделно заглавие Български
Код за езика КДБФ Български
080 ## - УДК
Текстов определител УДК Капиталовложения. Образуване на капитала. Инвестиции
УДК код - определител по УДК 330.322
УДК определител (075.8)
УДК - код + определител 330.322(075.8)
100 1# - Редна дума - Автор
Автор Александрова, Маргарита Русева
Авторска отговорност първи автор
R(LIN) 282872
139 ## - Редно поле
Редна дума Александрова, Маргарита Русева
Авторски знак Алекс - А 51
245 10 - Сведения за заглавието
Заглавие Финансови критерии и техники за оптимизация на инвестиционния избор при инвестиции в реални активи
Подзаглавни данни Учебник
Редно поле (дума) Маргарита Русева Александрова.
257 ## - Страна на издаване
Страна на създаване/издаване България
260 ## - Област на издателските данни
-- София
Име на издателя, разпространителя и проч. Тракия-М
Година на издаване 2001
300 ## - Физическа характеристика
Страници 338 с.
Илюстрации и др. с табл., диагр.
Размери/Мащаб 21 см
380 ## - Жанр
Жанр Обществени науки
500 ## - Общи забележки
Забележка Кор. загл. Оптимизация на инвестиционния избор. - Офс. изд. - Библиогр. с. 337-338.
504 ## - Забележка за наличие на библиография и др
Забележка за наличие на библиография и под. 337-338
650 #4 - Допълнително описание по предмет – тема
Основно описание – тема или топоним Инвестиции - учебници за ВУЗ
9 (RLIN) 254289
653 ## - Ключова дума – ненормативна
Ключова дума инвестиции
653 ## - Ключова дума – ненормативна
Ключова дума учебници за ВУЗ
852 ## - Местоположение
Форматна сигнатура Цб 211375
856 4# - Електронен адрес и достъп
Електронен формат pdf - файл
Път до файла /url/
856 4# - Електронен адрес и достъп
Електронен формат pdf - файл
Път до файла /url/
942 ## - АРТИКУЛИ
Вид на библиотечния материал Книги
Скрит в OPAC Не
944 ## - СЪЗДАВАНЕ И РЕДАКЦИЯ на ЗАПИСА
Създаване/Редакция Създаване
Дата на регистрацията/редакция 01.01.2001
Служител, извършил регистрацията/редакцията Людмила_Стоянова
944 ## - СЪЗДАВАНЕ И РЕДАКЦИЯ на ЗАПИСА
Създаване/Редакция Редакция
Дата на регистрацията/редакция 11.09.2006
Служител, извършил регистрацията/редакцията
999 ## - СИСТЕМНИ КОНТРОЛНИ НОМЕРА
Koha biblionumber 96295
Koha biblioitemnumber 96295
Наличности
Код за отписване Код за изгубен артикул Код за повреда Коз за рестрикции Код за отдаване Артикулен № Име на библиотеката - собственик Име на библиотеката, в която се намира в момента Статус (Текущо местоположение) Дата на вписване в системата Местоположение - отдел Цена в лева Инвентарен номер Систематично азбучна сигнатура Баркод Номер на екземпляра Цена в евро Служебна бележка Служебен тип на артикула
  Не е изгубен Не е повреден без рестрикции ползва се в читалня 154572 Регионална библиотека "Любен Каравелов" Русе Регионална библиотека "Любен Каравелов" Русе Читалня 2002-04-26 Читалня 14.40 120000669694 Ч 330/А 51 120000669694 1 7.36 Дост: Pk Вид: Ф N: 8912 Дата: 24.04.2002 Дата инв: 22.03.2017 Бележки инв: Ч2017 Книги
Vip Innovations Ltd, Rousse, Bulgaria 2025